01010nam a22002057a 45000010005000000030006000050050017000110080041000280400029000690500015000980820011001131000033001242450035001572600037001923000025002295050007002545200503002615210019007647000021007833659FISKH20240913130508.0240403b cb ||||| |||| 00| 0 eng d aFISK beng cFISKdFISK  aPS2384.M6  a813.3  aMelville Herman d1819-1891 aMoby dick / cHerman Melville  aLondon : bHarper Press, c2013  a618 pages : c18 cm  aZ  aThe itinerant sailor Ishmael begins a voyage on the whaling ship Pequod whose captain, Ahab, wishes to exact revenge upon the whale Moby-Dick, who destroyed his last ship and took his leg. As they search for the savage white whale, Ishmael questions all aspects of life. The story is woven in complex, lyrical language and uses many theatrical forms, such as stage direction and soliloquy. It is considered the exemplar of American Romanticism, and one of the greatest American novels of all time. 8 a1230 bLexile  aHerman Melville